UBT Library

Genetics and public health in the 21st century : (Record no. 41380)

000 -LEADER
fixed length control field 00982cam a22002654a 4500
001 - CONTROL NUMBER
control field 11794740
005 - DATE AND TIME OF LATEST TRANSACTION
control field 20180131072449.0
008 - FIXED-LENGTH DATA ELEMENTS--GENERAL INFORMATION
fixed length control field 990928s2000 enk b 001 0 eng c
010 ## - LIBRARY OF CONGRESS CONTROL NUMBER
LC control number 99049548
020 ## - INTERNATIONAL STANDARD BOOK NUMBER
International Standard Book Number 0195128303 (alk. paper)
035 ## - SYSTEM CONTROL NUMBER
System control number (DNLM)100897006
040 ## - CATALOGING SOURCE
Original cataloging agency DNLM/DLC
Transcribing agency DLC
Modifying agency DLC
041 ## - LANGUAGE CODE
Language code of text/sound track or separate title eng
042 ## - AUTHENTICATION CODE
Authentication code pcc
060 10 - NATIONAL LIBRARY OF MEDICINE CALL NUMBER
Classification number WA 105
Item number G328 2000
080 ## - UNIVERSAL DECIMAL CLASSIFICATION NUMBER
Universal Decimal Classification number 616.042 KHO
082 00 - DEWEY DECIMAL CLASSIFICATION NUMBER
Classification number 616.042 KHO
Edition number 21
100 ## - Rafti
Rafti 6
101 ## - Shkurtesa
Shkurtesa GJEN
245 00 - TITLE STATEMENT
Title Genetics and public health in the 21st century :
Statement of responsibility, etc edited by Muin J. Khoury, Wylie Burke, Elizabeth J. Thomson.
504 ## - BIBLIOGRAPHY, ETC. NOTE
Bibliography, etc Includes bibliographical references and index.
906 ## - LOCAL DATA ELEMENT F, LDF (RLIN)
a 7
b cbc
c orignew
d 1
e ocip
f 19
g y-gencatlg
942 ## - ADDED ENTRY ELEMENTS (KOHA)
Source of classification or shelving scheme
Item type Books
Holdings
Withdrawn status Lost status Source of classification or shelving scheme Damaged status Not for loan Collection code Permanent location Current location Shelving location Date acquired Total Checkouts Full call number Barcode Date last seen Price effective from Koha item type
          Koleksioni i përgjithshem UBT - Lipjan UBT - Lipjan Koleksioni i përgjithshem 01/31/2018   616.042 KHO 002-2996832 01/31/2018 01/31/2018 Books
UBT Library © 2015-2024. All rights reserved University Education for Business and Technology